Т. 87, № 5; Журнал физической химии

Bibliographic Details
Parent link:Журнал физической химии/ Российская академия наук ; Отделение химии и наук о материалах РАН. Т. 87, № 5.— , 1931-
Language:Russian
Published: 2013
Format: Book
KOHA link:https://koha.lib.tpu.ru/cgi-bin/koha/opac-detail.pl?biblionumber=512127

MARC

LEADER 00000nam2a2200000 4500
001 512127
005 20231101104507.0
035 |a (RuTPU)RU\TPU\prd\188816 
090 |a 512127 
100 |a 20130704a19309999k y0rusy50 ca 
101 0 |a rus 
102 |a RU 
200 0 |a Т. 87, № 5 
210 |d 2013 
461 1 |0 (RuTPU)RU\TPU\prd\167  |t Журнал физической химии  |f Российская академия наук ; Отделение химии и наук о материалах РАН  |v Т. 87, № 5  |d 1931- 
801 0 |a RU  |b 63413507  |c 20010227  |g PSBO 
801 1 |a RU  |b 63413507  |c 20130704 
801 2 |a RU  |b 63413507  |c 20230410  |g RCR 
942 |c BK 
999 |a НТБ_ТПУ  |b НФ  |e -1/20130109  |p П-3067  |s 5/20121010  |u 0,00  |v 1